| 000 | 00833nam a2200289 a 4500 | ||
|---|---|---|---|
| 003 | AR-BaBNM | ||
| 005 | 20251128202730.0 | ||
| 008 | 082120s2002 ||||||||||||||000 | spa|| | ||
| 040 | _cAR-BaBNM | ||
| 100 | 1 | _aMaurois, André | |
| 245 | 0 | 0 |
_aHistoria paralela de los Estados Unidos y la Unión Soviética _bentrevistas y apreciaciones. 4 |
| 260 |
_aBuenos Aires _bEmecé _c1965 |
||
| 300 |
_a236 p. _bil., láms. |
||
| 490 | 0 | _aSelección de obras contemporáneas | |
| 500 | _aContiene entrevistas a importantes celebridades norteamericanas. | ||
| 650 | 4 | _aARTE | |
| 650 | 4 | _aECONOMIA | |
| 650 | 4 | _aEDUCACION | |
| 650 | 4 | _aAGRICULTURA | |
| 650 | 4 | _aURBANISMO | |
| 650 | 4 | _aDESARROLLO SOCIAL | |
| 650 | 4 | _aCIENCIAS POLITICAS | |
| 651 | 4 | _aEstados Unidos | |
| 700 | 1 | _aAragon, Louis | |
| 942 | _cBK | ||
| 998 | _cmariana | ||
| 999 |
_c306 _d306 |
||